The 5 largest European Union cities - Statistics

General Stats
  • This quiz has been taken 80 times
  • The average score is 4 of 5
Answer Stats
Lp. Population City % Correct
5. 2,140,000 Paris
99%
1. 3,769,000 Berlin
97%
2. 3,348,000 Madrid
93%
3. 2,856,133 Rome
93%
4. 2,151,000 Bucharest
30%
No matching quizzes found
Score Distribution
Percent of People with Each Score
Percentile by Number Answered
Your Score History
You have not taken this quiz